| 000 | 00599nam a22001937a 4500 | ||
|---|---|---|---|
| 003 | 0 | ||
| 005 | 20250827143638.0 | ||
| 008 | 250827b xxu||||| |||| 00| 0 eng d | ||
| 020 | _a978-1-03-266420-0 | ||
| 050 |
_aPN 2068 _b.T69 2025 |
||
| 100 |
_aTownsend, Daniel C., _eauthor. |
||
| 245 |
_aFoundations of stage makeup / _cDaniel C. Townsend. |
||
| 250 | _aSecond edition. | ||
| 260 |
_aNew York, NY : _bRoutledge, _c2025. |
||
| 300 |
_axiv, 176 pages : _bcolored illustrations ; _c26 cm. |
||
| 504 | _aIncludes index. | ||
| 650 |
_aTheatrical makeup _xHandbooks, manuals, etc. |
||
| 942 |
_2lcc _cBK |
||
| 999 |
_c367648 _d367648 |
||